Dirección y administración estratégicas : (Registro nro. 13062)

Detalles MARC
000 -LIDER
fixed length control field 01313nam a22003257a 4500
003 - IDENTIFICACDOR DE NÚMERO DE CONTROL
control field DO-SdBPM
005 - DATE AND TIME OF LATEST TRANSACTION
control field 20250805101850.0
007 - CAMPOS FIJOS DE DESCRIPCIÓN FÍSICA
fixed length control field ta
008 - ELEMENTOS DE LONGITUD FIJA
fixed length control field 171124b1998 mx | |||| 00| 0 spa d
020 ## - ISBN
International Standard Book Number 0256036988
040 ## - FUENTE DE CATALOGACIÓN
Agencia que crea de manera original el registro DO-SdBPM
Idioma de catalogación spa
Agencia que realiza la transcripción BPMSU
Convenciones de la despripción rda
082 #4 - NÚMERO DE CLASIFICACIÓN DECIMAL DE DEWEY
Classification number 658.4
Item number T468d 1998
Edition number 22
100 1# - ASIENTO PRINCIPAL -- NOMBRE PERSONAL
Nombre personal Thompson, Arthur A.,
Fechas asociadas con el nombre 1940-
Mención de responsabilidad autor
245 10 - MENCIÓN DE TITULO
Título Dirección y administración estratégicas :
Subtítulo coceptos, casos y lecturas /
Mención de responsabilidad Arthur A. Thompson, A. J. Strickland ; versión en español de Patricia Ibarra Colado y Miguel Ángel Sánchez Carrión con la colaboración de Joan María Amat i Salas.
264 ## - PRODUCTION, PUBLICATION, DISTRIBUTION, MANUFACTURE, AND COPYRIGHT NOTICE
Place of production, publication, distribution, manufacture México :
Name of producer, publisher, distributor, manufacturer McGraw-Hill,
Date of production, publication, distribution, manufacture, or copyright notice 1998
300 ## - DESCRIPCIÓN FÍSICA
Extensión 1034 páginas ;
Dimensiones 28 cm
336 ## - CONTENT TYPE
Content type term texto
Content type code txt
Source rdacontent
337 ## - MEDIA TYPE
Media type term sin mediación
Media type code n
Source rdamediación
338 ## - CARRIER TYPE
Carrier type term volument
Carrier type code nc
Source rdacarrier
534 ## - NOTA SOBRE LA VERSIÓN ORIGINAL
Frase introductoria Título original:
Mención del título original Strategic management: concepts and cases.
590 ## - NOTA LOCAL
Texto de la nota local Inventariado, 2025/VM
650 #7 - ENCABEZAMIENTO DE MATERIA--TEMÁTICO
Término temático o nombre geográfico como elemento de entrada Administración de empresas.
650 #7 - ENCABEZAMIENTO DE MATERIA--TEMÁTICO
Término temático o nombre geográfico como elemento de entrada Planificación empresarial.
700 1# - ASIENTO SECUNDARIO -- NOMBRE PERSONAL
Nombre personal Strickland, A. J.
Mención de responsabilidad autor
700 1# - ASIENTO SECUNDARIO -- NOMBRE PERSONAL
Nombre personal Ibarra Colado, Patricia,
Mención de responsabilidad editor
700 1# - ASIENTO SECUNDARIO -- NOMBRE PERSONAL
Nombre personal Sánchez Carrión, Miguel Ángel,
Mención de responsabilidad traductor
700 1# - ASIENTO SECUNDARIO -- NOMBRE PERSONAL
Nombre personal Amat i Salas, Joan María.
Mención de responsabilidad colaboración
910 ## - VALIDACIÓN
Validación VMateo V. Control de calidad. BPMSU
942 ## - ADDED ENTRY ELEMENTS (KOHA)
Source of classification or shelving scheme Dewey Decimal Classification
Koha item type Libros
Existencias
Withdrawn status Lost status Source of classification or shelving scheme Damaged status Not for loan Collection code Home library Current library Date acquired Source of acquisition Total Checkouts Full call number Barcode Date last seen Price effective from Koha item type
    Dewey Decimal Classification     Colección General Biblioteca Pública Metropolitana Salomé Ureña Biblioteca Pública Metropolitana Salomé Ureña 11/24/2017 Peña   BPMSU CG 658.4 T468d 1998 BPMSU17110389 11/24/2017 11/24/2017 Libros